000 01862nam a2200469 i 4500
001 768714001
003 CO-MdFUSB
005 20250903150904.0
007 ta
008 230915t2001 -usa|||| |||| 00| 0 eng d
020 _a0801022452
040 _aCO-MdFUSB
_bspa
_cCO-MdFUSB
_dCO-MdFUSBC
_erda
041 _aeng
082 _223
_a223.206
_bB938
100 _aBullock, C. Hassell
_eautor
245 1 _aEncountering the book of Psalms :
_ba literary and theological introduction
_c/ Hassell Bullock C.
_h[físico y electrónico]
250 _asegunda edición
264 1 _aGrand Rapids, Michigan :
_bBaker Academic,
_c[2001]
264 4 _c©2001
300 _a266 páginas :
_bilustraciones a blanco y negro
_c; 25 cm
336 _2rdacontent
_atexto
_btxt
337 _2rdacontent
_asin mediación
_bn
337 _2rdamedia
_ainformático
_bc
338 _2rdacarrier
_aremoto
_bcr
338 _2rdacarrier
_avolumen
_bnc
490 _aEncountering biblical studies
505 _tParte 1: Encontrando las dimensiones literarias y hermenéuticas de los Salmos.
505 _tParte 2: Encontrando los Salmos como adoración y reflexión histórica.
505 _tParte 3: Encontrando los Salmos como tipos literarios y teológicos.
506 _aSolicitar clave y usuario para acceder al libro electrónico.
563 _aRústico
630 0 7 _aBiblia.
_pSalmos
630 0 7 _aBiblia.
_pSalmos
_xCrítica, interpretación, etc.
650 7 _9385
_aReligión
856 _b2471174
_uhttp://search.ebscohost.com/login.aspx?direct=true&scope=site&db=nlebk&db=nlabk&AN=2471174
_zAbrir Versión electrónica del libro Encountering the book of Psalms
942 _cBK
945 _aJTF-925
999 _c69005
_d69005